000 00675nam a2200265Ia 4500
005 20260121165824.0
008 008 260114s9999 xx 000 0 eng d
020 _a9783319309767
037 _aEBOOK
040 _aCRL
040 _beng
040 _cCRL
041 _2eng
041 _aeng
084 _qCRL
100 _aEllen E. Eischen, Ling Long, Rachel Pries, Katherine E. Stange
_91056461
245 0 _aDirections in Number Theory
260 _bSpringer
260 _bSpringer
260 _c2016
856 _uhttps://link.springer.com/openurl?genre=book&isbn=978-3-319-30976-7
942 _cEBOOK
999 _c1622189
_d1622189